[Event "17ème Open des Vins du Médoc"]
[Site "Naujac sur Mer ; France"]
[Date "2014.07.06"]
[Round "9.10"]
[White "Voogt, Jonathan"]
[Black "Sasu-Ducsoara, Adrian-Florian"]
[Result "1-0"]
[WhiteElo "1946"]
[BlackElo "2138"]
[PlyCount "125"]
[EventDate "2014.??.??"]

1. d4 Nf6 2. c4 e6 3. Nf3 b6 4. Nc3 Bb4 5. Qc2 Bb7 6. Bd2 O-O 7. e3 c5 8. dxc5
bxc5 9. Bd3 h6 10. O-O d6 11. Rfd1 Qe7 12. a3 Bxc3 13. Bxc3 Rd8 14. Rac1 Nbd7
15. b3 Nf8 16. Bb2 a5 17. Nd2 Bc6 18. Qc3 Qb7 19. f3 Rdb8 20. Bc2 a4 21. Ne4
Bxe4 22. Bxe4 d5 23. cxd5 Qxb3 24. Qxb3 Rxb3 25. Bxf6 gxf6 26. dxe6 Ra7 27.
exf7+ Rxf7 28. Bd5 Rxe3 29. Bxf7+ Kxf7 30. Rxc5 Rxa3 31. Ra5 Ne6 32. Rd7+ Kg6
33. Rda7 Ra1+ 34. Kf2 Ra2+ 35. Kg3 h5 36. Rxa4 Rd2 37. Ra2 Rd5 38. h3 Nd4 39.
Kf2 Ne6 40. g3 h4 41. gxh4 Nf4 42. R7a4 Rf5 43. Kg3 Nh5+ 44. Kg2 Nf4+ 45. Kh2
Nd3 46. Rg4+ Kf7 47. Ra7+ Ke6 48. Re4+ Ne5 49. Kg2 Kd6 50. Ra6+ Kc7 51. Rxf6
Rxf6 52. Rxe5 Kd6 53. Ra5 Rg6+ 54. Kf2 Rg8 55. Rg5 Rh8 56. Kg3 Ke6 57. Kg4 Kf6
58. f4 Kf7 59. h5 Kf6 60. Rg6+ Ke7 61. Kg5 Kf7 62. h6 Ke8 63. Rg7 1-0

[Event "17ème Open des Vins du Médoc"]
[Site "Naujac sur Mer ; France"]
[Date "2014.07.06"]
[Round "9.11"]
[White "Roussel, Glenn"]
[Black "Lapeyre, Pierre"]
[Result "1-0"]
[WhiteElo "1930"]
[BlackElo "2010"]
[Annotator "Violeau,Jean-Luc"]
[PlyCount "73"]
[EventDate "2014.??.??"]

1. e4 c5 2. Nc3 g6 3. d4 cxd4 4. Qxd4 Nf6 5. Nf3 Nc6 6. Qa4 Bg7 7. e5 Ng8 8.
Bf4 f6 9. exf6 Nxf6 10. Bc4 Qa5 11. Qxa5 Nxa5 12. Bb3 Nxb3 13. axb3 d6 14. O-O
O-O 15. Rfe1 e5 16. Be3 Bf5 17. Re2 a6 18. Rd1 Ne8 19. h3 Bxh3 20. Nxe5 Be6 21.
Nd3 Rc8 22. Nf4 Bf5 23. Nfd5 Rf7 24. Bd4 Kf8 25. Bxg7+ Rxg7 26. Rde1 Nc7 27.
Ne7 Re8 28. Nxf5 {(=)} Rxe2 29. Nxe2 gxf5 30. Nd4 Rg5 31. f4 Rg4 32. Nxf5 Rxf4
33. Nxd6 Rb4 34. Re4 Rb6 35. Nc4 Rc6 36. c3 Rf6 37. Ne5 1-0